LEADER 00902naa a2200181 u 4500 001 000000092796 003 CaOOAMICUS 005 20070226130130.0 008 940721s1931 it u000 u lat u 035 $a10133249 040 $aPUL$bita 100 1 $aCasamassa, Antonio,$cO.E.S.A.,$d1886-1955.$0(OLS)http://pul/name/569 245 13$aLe fonti della filosofia di S. Agostino. 260 $a[S. l. :$bs. n.],$c1931. 300 $ap. [88]-96 773 0 $aAccademia romana di S. Tommaso d'Aquino e di religione cattolica.$tActa hebdomadae augustinianae-thomisticae ab Academia romana sancti Thomae indictae recurrente XV centenario anno a felici transitu s. Augustini ac simul quinquagesimo anno a creatione eiusdem academiae : (Romae, 23-30 aprilis 1930)$w()5024 996 $6245$aLe fonti della filosofia di S. Agostino$9(OLS)http://pul/title/119702 996 $6260$a[S. l. :$bs. n.]$9(OLS)http://pul/publisher/47882 LEADER 01263nam a2200325 a 4500 001 000000170292 003 CaOOAMICUS 005 20181105164131.0 008 181105s2018 it u000 u ita r 020 $a978-88-10-41036-3* 032 $aLibriCat 040 $aPUL$bita 082 04$a232 100 1 $aLorusso, Giacomo.$0(OLS)http://pul/name/38981 245 10$aIntroduzione a Paolo :$bprofilo biografico e teologico / $cGiacomo Lorusso . 260 $aBologna :$bEDB,$cİ2018. 300 $a157 p. ;$c21 cm. 490 1 $aStudi biblici ;$v84 504 $aBibliografia in nota. 600 04$aPaulus,$cs., apostolo.$0(OLS)http://pul/subject/417 830 0$aStudi biblici (EDB) ;$v84.$0(OLS)http://pul/title/103934 850 $aPUL 852 $aPUL$W1$xSL Religione 3$y85$m227 LORGI 1$j193201$qDDC 21$B198563$CPULBib$Z2$F198563 $H131529 $81 941 1 $a9 983 0$aCollana Studi biblici. 996 $6020$a978-88-10-41036-3*$9(OLS)http://pul/number/165164 996 $6082$a232$9(OLS)http://pul/classification/381 996 $6245$aIntroduzione a Paolo :$bprofilo biografico e teologico / $9(OLS)http://pul/title/211027 996 $6260$aBologna :$bEDB$9(OLS)http://pul/publisher/56073